| 000 | 00847nab a2200265 u 4500 | ||
|---|---|---|---|
| 001 | 10752 | ||
| 003 | HDC | ||
| 007 | cr bn ---aaaaa | ||
| 008 | 210205b2012mmddmy d||ne |||| 00| 0 may d | ||
| 040 | _aHDC | ||
| 100 |
_aZunaidah Zainon _97610 |
||
| 245 | 0 |
_aTonjol usaha pelajar / _cZunaidah Zainon |
|
| 260 |
_aMalaysia: _bMedia Mulia, _c2012 |
||
| 300 | _a1 online resource | ||
| 336 |
_atext _2rdacontent |
||
| 337 |
_acomputer _2rdamedia |
||
| 338 |
_aonline resource _2rdacarrier |
||
| 500 | _aSegment: Dalam Negeri | ||
| 650 |
_aEcotourism _zMalaysia _xExhibition _910718 |
||
| 710 | _aUtusan Malaysia | ||
| 856 | _zRequest full-text at [email protected] | ||
| 942 | _2lcc | ||
| 942 | _cNEWS | ||
| 942 | _kNWSC 000406 | ||
| 999 |
_c8075 _d8075 |
||